00422nam a2200157Ia 45000010006000000050017000060080041000230410008000640820015000721000033000872450091001202600009002113000028002206500008002486540008002561796220260306171555.0260306s9999||||xx |||||||||||||| ||und|| aESP a658.3bP78 aPorret Gelabert, MiqueleAUT 0aGestión de personas:bmanual para gestión del capital humano en las organizaciones c2014 a611 páginas :c24 cm. aGEN aCAN